00705nam a22001697a 4500003000200000005001700002008004100019020002200060050002300082245011800105260008100223300003100304500005900335504005200394650005900446651003000505020230904085611.0230904b xxu||||| |||| 00| 0 eng d a978-621-448-215-3 aRA 644 b.H35 2023 aLockdown and lowdown : the politics of covid-19 pandemic response in the PhilippinescRosalie Arcala Hall, editor aQuezon CitybBughaw, an imprint of Ateneo de Manila University Presscc2023. axvi, 278 pages ; c23 cm.  aCOVID 19 Pandemic, 2020--Philippines--Social aspects.  aIncludes bibliographical references and index.  aCovid 19 Pandemic, 2020--Philippines--Social aspects.  aCOVID 19 -- Philippines.